000 00347nam a2200133Ia 4500
008 151001s9999||||xx |||||||||||||| ||und||
100 _aनरेंद्र जाधव
245 _aरवींद्रनाथ टागोर
250 _a1
260 _bग्रंथाली
260 _c2012
300 _a310
365 _b24
999 _c1000462
_d1000459